000
00488nam a2200169Ia 4500
008
090711s9999 xx 000 0 und d
082
_b
51614
100
_a
श्रोत्री निशिकांत
245
_a
हकनाक
260
_c
1985
300
_a
177
600
_a
श्रोत्री निशिकांत
630
_a
हकनाक
700
_a
श्रोत्री निशिकांत
730
_a
हकनाक
942
_c
BOOK
999
_c
301689
_d
301689